| 000 | 01460nam a2200349 i 4500 | ||
|---|---|---|---|
| 001 | 000023765 | ||
| 003 | DO-SdBNP | ||
| 005 | 20251030124818.0 | ||
| 007 | ta | ||
| 008 | 110113s1998 dr ac 001 0 spa d | ||
| 040 |
_aDO-SdBNP _bspa _cBNPHU _erda |
||
| 041 | _aspa | ||
| 082 | 4 |
_a283.7293 _bW558t _222 |
|
| 100 | 1 |
_aWheaton, Philip E., _eautor _4aut. _948921 |
|
| 245 | 1 | 0 |
_aTriunfando sobre las tragedias : _bhistoria centenaria de la iglesia episcopal dominicana / _cPhilip E. Wheaton ; colaboración, William L. Wipfler ; prólogo, Albert Schwietzer. |
| 250 | _aPrimera edición | ||
| 264 | 1 |
_aSanto Domingo, República Dominicana : _bIglesia Episcopal Dominicana, _c1997. |
|
| 300 |
_a615 páginas : _bilustraciones, retratos ; _c21 cm. |
||
| 336 |
_atexto _btxt _2rdacontent |
||
| 337 |
_asin mediación _bn _2rdamedia |
||
| 338 |
_avolumen _bnc _2rdacarrier |
||
| 500 | _aIncluye datos biográficos del autor en la contracubierta. | ||
| 500 | _aIncluye referencias bibliográficas y notas al pie de páginas. | ||
| 500 | _a"Historia centenaria de la Iglesia Episcopal Dominicana, 1897-1997" | ||
| 504 | _aBibliografía: páginas 609-615. | ||
| 590 | _aInventariado, 2018 /VM | ||
| 650 | 4 |
_aIglesia anglicana _xHistoria _zRepública Dominicana _948922 |
|
| 700 | 1 |
_aSchwietzer, Albert, _eprologuista _4pr. _948923 |
|
| 700 | 1 |
_aWipfler, William L., _ecolaborador _4col. _948924 |
|
| 910 | _aValidado. Control de calidad EMS | ||
| 942 |
_2ddc _cLBS1 |
||
| 999 |
_c23261 _d23261 |
||